000 01261cab a2200193 4500
001 ##L131624
008 051121n2005 000 0 eng u
035 _a(Sirsi) u131624
041 0 _aeng
100 1 _aRoss, Jonathan
245 0 0 _aCase news: "Shirayama Shokosan v Danovo"
260 _c2005
490 0 _aProperty Week
_v70(45) 11 November 2005, 74(1)
520 _aIn this case (ChD, unreported), a tenant habitually broke the terms of his lease and was eventually evicted following a court ruling. The gallery owner used space he was not renting without consulting the landlord; and sold concessionary tickets, which affected the profit-based rent. Previous breaches which resulted in other litigation had already put a great strain on the landlord-tenant relationship. This case highlights the fact that court has sole discretionary power to decided whether or not a tenant maintains their lease, based on their conduct; even if the tenant agrees to take steps to remedy the situation.
590 _aIKA221105
650 2 4 _aSHRIAYAMA SHOKOSAN CO LTD AND OTHERS V DANOVO LTD
690 _aPROPERTY-COMMERCIAL PROPERTY-LEASEHOLD COMMERCIAL PROPERTY-COMMERCIAL LANDLORD AND TENANT-BUSINESS TENANCIES-FORFEITURE OF BUSINESS TENANCIES
942 _n0
999 _c76200
_d76200